Nationalmannschafts-Leistungen bei WMs - Statistiken

Allgemein
  • Dieses Quiz wurde 79 mal gespielt
  • Das Durchschnittsergebnis liegt bei 15 aus 30
Antwortstatistiken
Hint Explanation Antwort % Korrekt
Brasilien fünffacher Weltmeister, Rekord-Weltmeister, Weltmeister
84%
Italien viermaliger Weltmeister, 1934, 1938, 1982 und zuletzt 2006 im Elfmeterschießen gegen Frankreich Weltmeister
83%
Argentinien dreimaliger Weltmeister, amtierender Weltmeister, 1978; 1986 und zuletzt 2022 gegen Frankreich Weltmeister
83%
Uruguay Uruguay ist zweifacher Weltmeister (1930 und 1950) trotzdem tragen sie 4 Sterne, da ihnen die Olympiasiege 1924 und 1928, welche vor der offiziellen WM existierten als WM-Titel zugesagt werden Weltmeister
77%
Panama 2018 Gruppenphase
72%
Türkei 2002; Türkei verlor im Halbfinale 1:0 gegen Brasilien, doch gewann das Spiel um Platz 3 gegen Uruguay mit 3:2 Halbfinale
69%
Marokko 2022 verlor man im Halbfinale mit 2:0 Halbfinale
66%
Südkorea 2002, Aus gegen Deutschland mit 1:0 Halbfinale
61%
Niederlande dreimal im Finale, 1974 gegen Deutschland (1:2), 1978 gegen Argentinien (1:3) und zuletzt 2010 gegen Spanien (0:1) Finale
59%
Kanada 1986 und 2022 Gruppenphase
56%
Schweiz 1934,1938 und zuletzt 1954 das Aus mit 5:7 gegen Österreich Viertelfinale
53%
Australien 2006 und zuletzt 2022 das Aus gegen Argentinien mit 1:2 Achtelfinale
48%
Schweden 1958, Schweden verlor das Finale mit 2:5 gegen Brasilien Finale
47%
Ecuador 2006, Aus gegen England mit 0:1 Achtelfinale
45%
Südafrika 2010; 2002 und 1998 Gruppenphase
45%
Kamerun 1990, Aus gegen England mit 2:3 Viertelfinale
45%
Senegal 2002, Aus gegen die Türkei durch Golden Goal Regelung (0:1) Viertelfinale
45%
Polen zweimaliger Dritter bei einer WM, 1974 gegen Brasilien und 1982 gegen Frankreich Halbfinale
44%
Ghana 2010; Aus im Elfmeterschießen gegen Uruguay Viertelfinale
44%
Mexiko 1970 und zuletzt 1986 das Aus im Elfmeterschießen gegen Deutschland Viertelfinale
41%
Sowjetunion 1966 das Aus gegen Deutschland (1:2) Halbfinale
39%
Costa Rica 2014; Aus im Elfmeterschießen gegen die Niederlande Viertelfinale
39%
Griechenland bei der letzten WM-Teilnahme 2014, Aus im Elfmeterschießen gegen Costa Rica Achtelfinale
38%
Iran 1978, 1998, 2006, 2014, 2018 und zuletzt 2022 Gruppenphase
38%
USA 1930 gegen Argentinien 1:6 verloren Halbfinale
34%
Österreich 1934 und zuletzt 1954. 1954 holte man sich gegen Uruguay Platz 3 bei der WM Halbfinale
34%
Norwegen 1938 und 1998, beide Male das Aus gegen Italien (1938 mit 1:2 und 1998 mit 0:1) Achtelfinale
33%
DDR 1974 Gruppenphase
28%
Japan 2018, 2010, 2002, zuletzt 2022, Aus gegen Kroatien im Elfmerterschießen Achtelfinale
22%
Irland 1990; Aus gegen Italien mit 0:1 Viertelfinale
14%
Keine übereinstimmenden Quizze gefunden
Verteilung der Resultate
Anzahl Personen mit jedem Resultat
Perzentil nach korrekt beantworteten Fragen
Ihre Resultats-Entwicklung
Sie haben dieses Quiz noch nicht gespielt